| 000 | 00657nam a22001937a 4500 | ||
|---|---|---|---|
| 005 | 20250423113614.0 | ||
| 010 | _aENG-144680 | ||
| 020 |
_c300.00 _a9789384819200 |
||
| 035 | _aEN-128212 | ||
| 037 | _bDBAD | ||
| 082 | _a651.74 | ||
| 100 |
_aBarua,Pratim _980788 |
||
| 245 |
_aBusiness Communication ; _b Principles and Practices/ _cPratim Barua _hEnglish |
||
| 250 | _a1 | ||
| 260 |
_aGuwahati _bPublication Division, Dibrugarh University _c2022 |
||
| 270 |
_bGuwahati _aThe Registrar, Dibrugarh Univesity,Dibrugarh _e786004 _k9760215691 _mdupupdib@dibru.ac.in |
||
| 300 |
_aviii,212p _c22cm(pbk) |
||
| 942 |
_2ddc _cEN _h651.74 _mBAR _e1 |
||
| 999 |
_c211058 _d211058 |
||